| 000 | 00570nam a22001937a 4500 | ||
|---|---|---|---|
| 003 | OSt | ||
| 005 | 20240625103121.0 | ||
| 008 | 240625b |||||||| |||| 00| 0 eng d | ||
| 020 | _a026205065X | ||
| 040 | _cDDC | ||
| 082 | _a338.9 EAS 2000 | ||
| 100 | _4Easterly, William | ||
| 245 | _aThe Elusive Quest for Growth: economists adventures and misadventures in the tropics | ||
| 260 |
_aLondon; _bThe MIT Press, _c2000 |
||
| 300 | _aviii,342p; ill: 23cm | ||
| 500 | _anotes, references ,& index included | ||
| 650 |
_aEconomic development _9521 |
||
| 942 |
_2ddc _cO_SHELF |
||
| 999 |
_c8788 _d8788 |
||